Phép tính giải tích hàm một biến số thực Toán A2 dùng cho cán bộ, sinh viên các ngành kỹ thuật và kinh tế
Αποθηκεύτηκε σε:
| Κύριος συγγραφέας: | |
|---|---|
| Μορφή: | Βιβλίο |
| Γλώσσα: | Undetermined |
| Έκδοση: |
Hà Nội
Giao thông vận tải
2003
|
| Θέματα: | |
| Ετικέτες: |
Προσθήκη ετικέτας
Δεν υπάρχουν, Καταχωρήστε ετικέτα πρώτοι!
|
| Thư viện lưu trữ: | Trung tâm Học liệu Trường Đại học Cần Thơ |
|---|
| LEADER | 00690nam a2200205Ia 4500 | ||
|---|---|---|---|
| 001 | CTU_61936 | ||
| 008 | 210402s9999 xx 000 0 und d | ||
| 020 | |b 20000 | ||
| 082 | |a 515.8 | ||
| 082 | |b M312 | ||
| 100 | |a Trần Văn Minh | ||
| 245 | 0 | |a Phép tính giải tích hàm một biến số thực | |
| 245 | 0 | |b Toán A2 dùng cho cán bộ, sinh viên các ngành kỹ thuật và kinh tế | |
| 245 | 0 | |c Trần Văn Minh...[et-al] | |
| 260 | |a Hà Nội | ||
| 260 | |b Giao thông vận tải | ||
| 260 | |c 2003 | ||
| 650 | |a functions of real variables | ||
| 904 | |a Hạ Nguyên | ||
| 980 | |a Trung tâm Học liệu Trường Đại học Cần Thơ | ||